Land use, migration and natural resource deterioration: the experience of Guatemala and the Sudan /
sin resumen
Guardado en:
| Hovedforfatter: | |
|---|---|
| Andre forfattere: | |
| Format: | Texto |
| Sprog: | Spanish |
| Fag: | |
| Tags: |
Tilføj Tag
Ingen Tags, Vær først til at tagge denne postø!
|
MARC
| LEADER | 00000 a a2200000 04500 | ||
|---|---|---|---|
| 001 | 12844 | ||
| 003 | cru CIDCACS/IIS | ||
| 005 | 20230718110527.0 | ||
| 008 | 230717b |||||||| |||| 00| 0 spa d | ||
| 040 | |c cru CIDCACS/IIS | ||
| 100 | |a Bilsborrow, Richard E. | ||
| 245 | |a Land use, migration and natural resource deterioration: |b the experience of Guatemala and the Sudan / |c Richard E. Bilsborrow | ||
| 500 | |a Colección Centroamérica | ||
| 520 | |a sin resumen | ||
| 650 | |a USO DE LA TIERRA | ||
| 650 | |a MIGRACIONES | ||
| 650 | |a DETERIORO AMBIENTAL | ||
| 651 | 0 | |9 142 |a GUATEMALA | |
| 700 | |a DeLargy, Pamela F. | ||
| 773 | |g volumen 16; páginas 125-147 | ||
| 773 | 0 | |0 43319 |9 4978 |a The Population Council |d Nueva York: The Population Council, 1975 |o 23008 |t Population and Development Review / |x 00987921 | |
| 942 | |2 ddc |c PP | ||
| 999 | |c 29088 |d 29088 | ||
